000 00287nam a2200121Ia 4500
008 190723s9999 xx 000 0 und d
020 _a978-0-13-449416-6
100 _aRobert C.Martin
245 0 _aClean Architecture
260 _aBostan
_bPearson
_c2018
300 _a404:p
942 _cBK
999 _c1553
_d1553